000 01384nam a2200385 i 4500
003 OSt
005 20260211143413.0
008 260211s1953 ua |||f m||| 0|| | eng d
040 _aEG-GICUC
_cEG-GICUC
_dEG-GICUC
_erda
_beng
041 0 _aeng
_beng
_deng
049 _aGift
082 0 4 _221
_a347
097 _aPh.D
099 _aLaw 12 PHD 1953
100 1 _aBadr Amin M.
_eAuthor
245 1 0 _aAlien Corporations in Conflict of Laws (A Study of Comparative Law) /
_cby Amin M. Badr ; President Dean Mohamed Saleh.
264 0 _aCairo:
_bCairo University - Faculty of Law;
_c1953.
300 _a178 Pages;
_c25 Cm.
336 _2rda content
_aText
337 _2rda media
_aunmediated
338 _2rda carrier
_avolume
500 _aeng
502 _aDoctora Thesis - Cairo University , Faculty of Law, Department of Private international law, 1953.
504 _aIncludes bibliographic references.
650 0 4 _aPrivate international law
650 0 4 _aDepartment of Public Law
653 0 _a.
655 4 _aUniversity theses
_zCairo University
_xFaculty of Law
700 1 _aSaleh Dean Mohamed
_epresenter
710 2 _aCairo University.
_bFaculty of Law
856 _uhttps://fll.law.cu.edu.eg/fulltext/th/T12-00298.pdf
900 _b1980
_UCairo University
_FFaculty of Law
_DDepartment of Private international law
905 _a64
942 _2ddc
_n0
_cTH
_e21
999 _c62620